00634nam a2200169Ia 4500008004100000020000600041100002400047245005100071260000900122300001400131440001300145500000600158505000600164650018900170999001700359952008800376210310s9999 xx 000 0 und d a0 aRobert dubin924346 0a Las relaciones humanas en la administración c1983 b704p : ,  a0924347 a0 a0 aRelaciones humanas..-- Relaciones laborales.-- Psicología industrial..-- Motivación del empleado..-- Comunicación (empresas).-- Toma de decisiones..-- Ambiente de trabajo.924348 c11013d11013 00104070aCPLbCPLd2021-03-10l0p430011958r2024-05-16 00:00:00w2021-03-10yBK